<?xml version="1.0" encoding="UTF-8"?>
<record
    xmlns:xsi="http://www.w3.org/2001/XMLSchema-instance"
    xsi:schemaLocation="http://www.loc.gov/MARC21/slim http://www.loc.gov/standards/marcxml/schema/MARC21slim.xsd"
    xmlns="http://www.loc.gov/MARC21/slim">

  <leader>04108njm a2200577Ia 4500</leader>
  <controlfield tag="001">27337</controlfield>
  <controlfield tag="003">IT-RoPAU</controlfield>
  <controlfield tag="005">20220918181125.0</controlfield>
  <controlfield tag="008">131025s9999    xx            000 0 und d</controlfield>
  <datafield tag="040" ind1=" " ind2=" ">
    <subfield code="a">IT-RoPAU</subfield>
  </datafield>
  <datafield tag="040" ind1=" " ind2=" ">
    <subfield code="c">IT-RoPAU</subfield>
  </datafield>
  <datafield tag="041" ind1=" " ind2=" ">
    <subfield code="a">ITALIANO</subfield>
  </datafield>
  <datafield tag="999" ind1=" " ind2=" ">
    <subfield code="c">100069</subfield>
    <subfield code="d">100069</subfield>
  </datafield>
  <datafield tag="999" ind1=" " ind2=" ">
    <subfield code="b">n.d.</subfield>
  </datafield>
  <datafield tag="100" ind1=" " ind2=" ">
    <subfield code="a">AA.VV.</subfield>
    <subfield code="9">794</subfield>
  </datafield>
  <datafield tag="100" ind1=" " ind2=" ">
    <subfield code="e">Autore musica</subfield>
    <subfield code="9">17693</subfield>
  </datafield>
  <datafield tag="100" ind1=" " ind2=" ">
    <subfield code="g">Codice autore musica SPICS: 12000</subfield>
    <subfield code="9">796</subfield>
  </datafield>
  <datafield tag="245" ind1=" " ind2=" ">
    <subfield code="a">Renzo Arbore presenta New Pathetic "Elastic" orchestra in "Quelli della notte"</subfield>
  </datafield>
  <datafield tag="250" ind1=" " ind2=" ">
    <subfield code="a">1a ed.</subfield>
  </datafield>
  <datafield tag="260" ind1=" " ind2=" ">
    <subfield code="a">TORINO</subfield>
  </datafield>
  <datafield tag="260" ind1=" " ind2=" ">
    <subfield code="b">FONIT CETRA</subfield>
    <subfield code="c">1985 [1a Ed.:1985 - Ed. Lingua Orig.: 1985]</subfield>
  </datafield>
  <datafield tag="300" ind1=" " ind2=" ">
    <subfield code="a">DISCO</subfield>
  </datafield>
  <datafield tag="500" ind1=" " ind2=" ">
    <subfield code="a">Canzone italiana. Colonna sonora della trasmissione televisiva "Quelli della notte" Istruzioni per l'uso</subfield>
  </datafield>
  <datafield tag="505" ind1=" " ind2=" ">
    <subfield code="a">L'esercito del surf - It's Now Or Never - Tanto p&#xE8; cant&#xE0; - Tango della gelosia - Una ragazza in due (Down Come the Rain) - Let's Twist Again - A Hard Day's Night - When I'm Sixty-Four - Eso es el amor (Dammi un beso) - Quando vien la sera - Il materasso - Figlio unico (Trem Das Onze) - Ma la notte no - La societ&#xE0; dei magnaccioni</subfield>
  </datafield>
  <datafield tag="511" ind1=" " ind2=" ">
    <subfield code="a">New Pathetic "Elastic" Orchestra diretta da Mazza Giovanni</subfield>
  </datafield>
  <datafield tag="650" ind1=" " ind2=" ">
    <subfield code="a">COLONNA SONORA [DISCHI]</subfield>
    <subfield code="e">Codice MATERIA SPICS: 9950</subfield>
    <subfield code="9">17694</subfield>
  </datafield>
  <datafield tag="700" ind1=" " ind2=" ">
    <subfield code="a">Arbore Renzo</subfield>
    <subfield code="g">Codice interprete SPICS: 10049</subfield>
    <subfield code="e">Interprete</subfield>
    <subfield code="9">17695</subfield>
  </datafield>
  <datafield tag="700" ind1=" " ind2=" ">
    <subfield code="a">Pattaccini Iller</subfield>
    <subfield code="g">Codice autore testo/musica SPICS: 13139</subfield>
    <subfield code="e">Autore testo/musica</subfield>
    <subfield code="p">L'esercito del surf</subfield>
    <subfield code="9">17696</subfield>
  </datafield>
  <datafield tag="700" ind1=" " ind2=" ">
    <subfield code="a">Di Capua Edoardo</subfield>
    <subfield code="g">Codice autore musica SPICS: 13138</subfield>
    <subfield code="e">Autore musica</subfield>
    <subfield code="p">It's Now Or Never</subfield>
    <subfield code="9">17697</subfield>
  </datafield>
  <datafield tag="700" ind1=" " ind2=" ">
    <subfield code="a">Capurro Giovanni</subfield>
    <subfield code="g">Codice autore testo/musica SPICS: 13137</subfield>
    <subfield code="e">Autore testo/musica</subfield>
    <subfield code="p">It's Now Or Never</subfield>
    <subfield code="9">17698</subfield>
  </datafield>
  <datafield tag="700" ind1=" " ind2=" ">
    <subfield code="a">Petrolini Ettore</subfield>
    <subfield code="g">Codice autore testo/musica SPICS: 13136</subfield>
    <subfield code="e">Autore testo/musica</subfield>
    <subfield code="p">Tanto p&#xE8; cant&#xE0;</subfield>
    <subfield code="9">17699</subfield>
  </datafield>
  <datafield tag="700" ind1=" " ind2=" ">
    <subfield code="a">Mascheroni Vittorio</subfield>
    <subfield code="g">Codice autore musica SPICS: 13134</subfield>
    <subfield code="e">Autore testo/musica</subfield>
    <subfield code="p">Tango della gelosia</subfield>
    <subfield code="9">17700</subfield>
  </datafield>
  <datafield tag="700" ind1=" " ind2=" ">
    <subfield code="a">Mendes Peppino</subfield>
    <subfield code="g">Codice autore testo/musica SPICS: 13135</subfield>
    <subfield code="e">Autore testo/musica</subfield>
    <subfield code="p">Tango della gelosia</subfield>
    <subfield code="9">17701</subfield>
  </datafield>
  <datafield tag="700" ind1=" " ind2=" ">
    <subfield code="a">Murrai</subfield>
    <subfield code="g">Codice autore musica SPICS: 28233</subfield>
    <subfield code="e">Autore musica</subfield>
    <subfield code="p">Una ragazza in due (Down Come the Rain)</subfield>
    <subfield code="9">17702</subfield>
  </datafield>
  <datafield tag="700" ind1=" " ind2=" ">
    <subfield code="a">Conrad</subfield>
    <subfield code="g">Codice autore SPICS: 19975</subfield>
    <subfield code="e">Autore</subfield>
    <subfield code="p">Una ragazza in due (Down Come the Rain)</subfield>
    <subfield code="9">17703</subfield>
  </datafield>
  <datafield tag="700" ind1=" " ind2=" ">
    <subfield code="a">Chiosso Leo</subfield>
    <subfield code="g">Codice autore testo/musica SPICS: 13606</subfield>
    <subfield code="e">Autore testo/musica</subfield>
    <subfield code="p">Una ragazza in due (Down Come the Rain)</subfield>
    <subfield code="9">17704</subfield>
  </datafield>
  <datafield tag="700" ind1=" " ind2=" ">
    <subfield code="a">Cassia</subfield>
    <subfield code="g">Codice autore musica SPICS: 16005</subfield>
    <subfield code="e">Autore musica</subfield>
    <subfield code="p">Let's Twist Again</subfield>
    <subfield code="9">17705</subfield>
  </datafield>
  <datafield tag="700" ind1=" " ind2=" ">
    <subfield code="a">Da Vinci Mario</subfield>
    <subfield code="g">Codice autore SPICS: 13838</subfield>
    <subfield code="e">Autore</subfield>
    <subfield code="p">Let's Twist Again</subfield>
    <subfield code="9">17706</subfield>
  </datafield>
  <datafield tag="700" ind1=" " ind2=" ">
    <subfield code="a">Appell</subfield>
    <subfield code="g">Codice autore testo/musica SPICS: 28205</subfield>
    <subfield code="e">Autore testo/musica</subfield>
    <subfield code="p">Let's Twist Again</subfield>
    <subfield code="9">17707</subfield>
  </datafield>
  <datafield tag="700" ind1=" " ind2=" ">
    <subfield code="a">McCartney Paul</subfield>
    <subfield code="g">Codice autore musica SPICS: 8084</subfield>
    <subfield code="e">Autore musica</subfield>
    <subfield code="p">A Hard Day's Night - When I'm Sixty-Four</subfield>
    <subfield code="9">17708</subfield>
  </datafield>
  <datafield tag="700" ind1=" " ind2=" ">
    <subfield code="a">Lennon John</subfield>
    <subfield code="g">Codice autore testo/musica SPICS: 13133</subfield>
    <subfield code="e">Autore testo/musica</subfield>
    <subfield code="p">A Hard Day's Night - When I'm Sixty-Four</subfield>
    <subfield code="9">17709</subfield>
  </datafield>
  <datafield tag="700" ind1=" " ind2=" ">
    <subfield code="a">Iglesias Julio</subfield>
    <subfield code="g">Codice autore musica SPICS: 8046</subfield>
    <subfield code="e">Autore musica</subfield>
    <subfield code="p">Eso es el amor (Dammi un beso)</subfield>
    <subfield code="9">17710</subfield>
  </datafield>
  <datafield tag="700" ind1=" " ind2=" ">
    <subfield code="a">Elgos</subfield>
    <subfield code="g">Codice autore testo/musica SPICS: 13132</subfield>
    <subfield code="e">Autore testo/musica</subfield>
    <subfield code="p">Eso es el amor (Dammi un beso)</subfield>
    <subfield code="9">17711</subfield>
  </datafield>
  <datafield tag="700" ind1=" " ind2=" ">
    <subfield code="a">Rossi Carlo Alberto (Cicero)</subfield>
    <subfield code="g">Codice autore musica SPICS: 13130</subfield>
    <subfield code="e">Autore musica</subfield>
    <subfield code="p">Quando vien la sera</subfield>
    <subfield code="9">17712</subfield>
  </datafield>
  <datafield tag="700" ind1=" " ind2=" ">
    <subfield code="a">Testa Michele (=Gill Armando)</subfield>
    <subfield code="g">Codice autore testo/musica SPICS: 13131</subfield>
    <subfield code="e">Autore testo/musica</subfield>
    <subfield code="p">Quando vien la sera</subfield>
    <subfield code="9">17713</subfield>
  </datafield>
  <datafield tag="700" ind1=" " ind2=" ">
    <subfield code="a">Mattone Ugo (Pirro Ugo)</subfield>
    <subfield code="g">Codice autore testo/musica SPICS: 13129</subfield>
    <subfield code="e">Autore testo/musica</subfield>
    <subfield code="p">Il materasso - Ma la notte no</subfield>
    <subfield code="9">17714</subfield>
  </datafield>
  <datafield tag="700" ind1=" " ind2=" ">
    <subfield code="a">Arbore Renzo</subfield>
    <subfield code="g">Codice autore SPICS: 10049</subfield>
    <subfield code="e">Autore</subfield>
    <subfield code="p">Il materasso - Ma la notte no</subfield>
    <subfield code="9">17715</subfield>
  </datafield>
  <datafield tag="700" ind1=" " ind2=" ">
    <subfield code="a">Del Turco Riccardo</subfield>
    <subfield code="g">Codice autore musica SPICS: 10861</subfield>
    <subfield code="e">Autore musica</subfield>
    <subfield code="p">Figlio unico (Trem Das Onze)</subfield>
    <subfield code="9">17716</subfield>
  </datafield>
  <datafield tag="700" ind1=" " ind2=" ">
    <subfield code="a">Rubinato J.</subfield>
    <subfield code="g">Codice autore testo/musica SPICS: 13128</subfield>
    <subfield code="e">Autore testo/musica</subfield>
    <subfield code="p">Figlio unico (Trem Das Onze)</subfield>
    <subfield code="9">17717</subfield>
  </datafield>
  <datafield tag="700" ind1=" " ind2=" ">
    <subfield code="a">Anonimo</subfield>
    <subfield code="g">Codice autore musica SPICS: 2620</subfield>
    <subfield code="e">Autore musica</subfield>
    <subfield code="p">La societ&#xE0; dei magnaccioni</subfield>
    <subfield code="9">17718</subfield>
  </datafield>
  <datafield tag="942" ind1=" " ind2=" ">
    <subfield code="c">MD</subfield>
    <subfield code="2">ddc</subfield>
  </datafield>
  <datafield tag="952" ind1=" " ind2=" ">
    <subfield code="0">0</subfield>
    <subfield code="1">0</subfield>
    <subfield code="4">0</subfield>
    <subfield code="6">27337_000000000000000</subfield>
    <subfield code="7">1</subfield>
    <subfield code="a">SPICS</subfield>
    <subfield code="b">SPICS</subfield>
    <subfield code="d">2013-10-25</subfield>
    <subfield code="l">0</subfield>
    <subfield code="o">27337</subfield>
    <subfield code="r">2013-10-25 00:00:00</subfield>
    <subfield code="w">2013-10-25</subfield>
    <subfield code="y">MD</subfield>
    <subfield code="z">Progr. Ins.: 6894 / N.Vol.: 1 / Copie: 1 - Copia rara: n.d. / date import: 01.01.2014 - By Epidotti, Trombetti, Vaglietti</subfield>
  </datafield>
</record>
